| 000 -LEADER |
| fixed length control field |
03755cam a22004217i 4500 |
| 001 - CONTROL NUMBER |
| control field |
19852588 |
| 003 - CONTROL NUMBER IDENTIFIER |
| control field |
OSt |
| 005 - DATE AND TIME OF LATEST TRANSACTION |
| control field |
20240220103942.0 |
| 008 - FIXED-LENGTH DATA ELEMENTS--GENERAL INFORMATION |
| fixed length control field |
170728t20162016nyua b 000 0 eng d |
| 010 ## - LIBRARY OF CONGRESS CONTROL NUMBER |
| LC control number |
2017385826 |
| 020 ## - INTERNATIONAL STANDARD BOOK NUMBER |
| International Standard Book Number |
9780062380203 (hardcover) |
| 020 ## - INTERNATIONAL STANDARD BOOK NUMBER |
| International Standard Book Number |
0062380206 (hardcover) |
| 035 ## - SYSTEM CONTROL NUMBER |
| System control number |
(OCoLC)ocn913135621 |
| 040 ## - CATALOGING SOURCE |
| Original cataloging agency |
YDXCP |
| Language of cataloging |
eng |
| Transcribing agency |
YDXCP |
| Description conventions |
rda |
| Modifying agency |
BTCTA |
| -- |
BDX |
| -- |
OCLCQ |
| -- |
CPL |
| -- |
OCLCO |
| -- |
IMF |
| -- |
VP@ |
| -- |
OCP |
| -- |
CDX |
| -- |
OCLCF |
| -- |
OCLCO |
| -- |
IMD |
| -- |
OBE |
| -- |
CSF |
| -- |
IAK |
| -- |
DLC |
| 042 ## - AUTHENTICATION CODE |
| Authentication code |
lccopycat |
| 050 00 - LIBRARY OF CONGRESS CALL NUMBER |
| Classification number |
HT185 |
| Item number |
.C578 2016 |
| 082 ## - DEWEY DECIMAL CLASSIFICATION NUMBER |
| Classification number |
909.09732 |
| Author Mark |
CIT |
| 245 00 - TITLE STATEMENT |
| Title |
City squares : |
| Remainder of title |
eighteen writers on the spirit and significance of squares around the world / |
| Statement of responsibility, etc. |
Catie Marron. |
| 250 ## - EDITION STATEMENT |
| Edition statement |
First edition. |
| 260 ## - PUBLICATION, DISTRIBUTION, ETC. |
| Place of publication, distribution, etc. |
Paris: |
| Name of publisher, distributor, etc. |
Harper; |
| Date of publication, distribution, etc. |
2016. |
| 300 ## - PHYSICAL DESCRIPTION |
| Extent |
xiii, 287 pages : |
| Other physical details |
illustrations (chiefly color) ; |
| Dimensions |
24 cm |
| 500 ## - GENERAL NOTE |
| General note |
"With 93 photographs"--Dust jacket. |
| 504 ## - BIBLIOGRAPHY, ETC. NOTE |
| Bibliography, etc. note |
Includes bibliographical references. |
| 505 00 - FORMATTED CONTENTS NOTE |
| Miscellaneous information |
Introduction / Catie Marron -- |
| -- |
Part 1. |
| Title |
Culture : power of the place. |
| -- |
Introduction / |
| Statement of responsibility |
Michael Kimmelman ; |
| Title |
Maidan-e-Pompa, Kabul : resisting the square / |
| Statement of responsibility |
Rory Stewart ; |
| Title |
Place des Vosges, Paris : a private place / |
| Statement of responsibility |
Adam Gopnik ; |
| Title |
Red Square, Moscow, Grand Market Square, Kraków : the past is always present / |
| Statement of responsibility |
Anne Applebaum ; |
| Title |
Squares of Rome and Venice : the shadow of ideas : Circles and squares / |
| Statement of responsibility |
Zadie Smith ; |
| Title |
Djemaa el-Fnaa, Marrakech : engaging with complexity and diversity / |
| Statement of responsibility |
David Adjaye -- |
| Miscellaneous information |
Part 2. |
| Title |
Geopolitics : strength in numbers. |
| -- |
Introduction / |
| Statement of responsibility |
David Remnick ; |
| Title |
Tahrir Square, Cairo : lost and found in the Square / |
| Statement of responsibility |
Jehane Noujaim ; |
| Title |
Rabin Square, Tel Aviv : so empty, so loud / |
| Statement of responsibility |
Ari Shavit ; |
| Title |
Taksim Square, Istanbul : Byzantine, then and now / |
| Statement of responsibility |
Elif Shafak ; |
| Title |
Tiananmen Square, Beijing : in search of heavenly peace / |
| Statement of responsibility |
Evan Osnos ; |
| Title |
Euromaidan, Kiev : a place becomes a movement / |
| Statement of responsibility |
Chrystia Freeland -- |
| Miscellaneous information |
Part 3. |
| Title |
History : influence on humanity. |
| -- |
Introduction / |
| Statement of responsibility |
George Packer ; |
| Title |
Grand Parade, Cape Town : a speech for the ages / |
| Statement of responsibility |
Richard Stengel ; |
| Title |
Residential squares, London : a meander through splendor and squalor / |
| Statement of responsibility |
Andrew Roberts ; |
| Title |
Zócalo, Mexico City : on sacred ground / |
| Statement of responsibility |
Alma Guillermoprieto ; |
| Title |
Harvard Square, Boston : a city changes, its heart endures / |
| Statement of responsibility |
Ann Beattie ; |
| Title |
The virtual square : Hacker Square / |
| Statement of responsibility |
Gillian Tett. |
| 520 ## - SUMMARY, ETC. |
| Summary, etc. |
"In this important collection, eighteen renowned writers, including David Remnick, Zadie Smith, Rebecca Skloot, Rory Stewart, and Adam Gopnik evoke the spirit and history of some of the world{u2019}s most recognized and significant city squares, accompanied by illustrations from equally distinguished photographers. Over half of the world{u2019}s citizens now live in cities, and this number is rapidly growing. At the heart of these municipalities is the square{u2014}the defining urban public space since the dawn of democracy in Ancient Greece. Each square stands for a larger theme in history: cultural, geopolitical, anthropological, or architectural, and each of the eighteen luminary writers has contributed his or her own innate talent, prodigious research, and local knowledge"--Amazon.com. |
| 650 #0 - SUBJECT ADDED ENTRY--TOPICAL TERM |
| Topical term or geographic name entry element |
Public spaces |
| General subdivision |
Social aspects. |
| 9 (RLIN) |
34162 |
| 650 #0 - SUBJECT ADDED ENTRY--TOPICAL TERM |
| Topical term or geographic name entry element |
Plazas |
| General subdivision |
Social aspects. |
| 9 (RLIN) |
120787 |
| 650 #0 - SUBJECT ADDED ENTRY--TOPICAL TERM |
| Topical term or geographic name entry element |
City planning |
| General subdivision |
Social aspects. |
| 9 (RLIN) |
24165 |
| 650 #0 - SUBJECT ADDED ENTRY--TOPICAL TERM |
| Topical term or geographic name entry element |
Sociology, Urban. |
| 9 (RLIN) |
24619 |
| 650 #7 - SUBJECT ADDED ENTRY--TOPICAL TERM |
| Topical term or geographic name entry element |
City planning |
| General subdivision |
Social aspects. |
| Source of heading or term |
fast |
| 9 (RLIN) |
24165 |
| 650 #7 - SUBJECT ADDED ENTRY--TOPICAL TERM |
| Topical term or geographic name entry element |
Plazas |
| General subdivision |
Social aspects. |
| Source of heading or term |
fast |
| 9 (RLIN) |
120787 |
| 650 #7 - SUBJECT ADDED ENTRY--TOPICAL TERM |
| Topical term or geographic name entry element |
Public spaces |
| General subdivision |
Social aspects. |
| Source of heading or term |
fast |
| 9 (RLIN) |
34162 |
| 650 #7 - SUBJECT ADDED ENTRY--TOPICAL TERM |
| Topical term or geographic name entry element |
Sociology, Urban. |
| Source of heading or term |
fast |
| 9 (RLIN) |
24619 |
| 700 1# - ADDED ENTRY--PERSONAL NAME |
| Personal name |
Marron, Catie, |
| Relator term |
editor. |
| 9 (RLIN) |
120788 |
| 906 ## - LOCAL DATA ELEMENT F, LDF (RLIN) |
| a |
7 |
| b |
cbc |
| c |
copycat |
| d |
2 |
| e |
ncip |
| f |
20 |
| g |
y-gencatlg |
| 942 ## - ADDED ENTRY ELEMENTS (KOHA) |
| Source of classification or shelving scheme |
|
| Koha item type |
Book |
| Institution code [OBSOLETE] |
SADA |
| Call number prefix |
909.09732 CIT 2016 |